| 000 | 00639nam a2200121Ia 4500 | ||
|---|---|---|---|
| 008 | 170221s9999 xx 000 0 und d | ||
| 100 | _aO’Callaghan, Susanne | ||
| 245 | _aAre auditors influenced by the attire worn by clients? A pilot study | ||
| 245 | _cSusanne O’Callaghan, Pace University; Umesh Patel, Pace University; John P. Walker, CUNY/Queens College; Raymond J. Elson, Valdosta State University; Lynette Wood, Winston-Salem State University; Donald Wood, Winston-Salem State University. | ||
| 260 | _bJournal of Management and Marketing Research | ||
| 650 | _xBusiness | ||
| 856 | _uhttp://www.aabri.com/manuscripts/131754.pdf | ||
| 999 |
_c307435 _d307435 |
||